<?xml version="1.0" encoding="UTF-8"?>
<record
    xmlns:xsi="http://www.w3.org/2001/XMLSchema-instance"
    xsi:schemaLocation="http://www.loc.gov/MARC21/slim http://www.loc.gov/standards/marcxml/schema/MARC21slim.xsd"
    xmlns="http://www.loc.gov/MARC21/slim">

  <leader>01514nam a22002297a 4500</leader>
  <datafield tag="999" ind1=" " ind2=" ">
    <subfield code="c">68657</subfield>
    <subfield code="d">68657</subfield>
  </datafield>
  <controlfield tag="005">20210325211357.0</controlfield>
  <controlfield tag="008">      s2556    th ||||| |||| 00| 0 tha d</controlfield>
  <datafield tag="040" ind1=" " ind2=" ">
    <subfield code="a">NALT</subfield>
  </datafield>
  <datafield tag="050" ind1=" " ind2=" ">
    <subfield code="a">NA 6022.N39 </subfield>
    <subfield code="b">&#xE28;518&#xE01; 2556</subfield>
  </datafield>
  <datafield tag="100" ind1="0" ind2=" ">
    <subfield code="a">&#xE28;&#xE34;&#xE23;&#xE34;&#xE42;&#xE23;&#xE14;&#xE21; &#xE40;&#xE2A;&#xE37;&#xE2D;&#xE04;&#xE25;&#xE49;&#xE32;&#xE22;</subfield>
    <subfield code="9">42913</subfield>
  </datafield>
  <datafield tag="245" ind1="1" ind2="0">
    <subfield code="a">&#xE01;&#xE32;&#xE23;&#xE40;&#xE1B;&#xE23;&#xE35;&#xE22;&#xE1A;&#xE40;&#xE17;&#xE35;&#xE22;&#xE1A;&#xE1E;&#xE31;&#xE12;&#xE19;&#xE32;&#xE01;&#xE32;&#xE23;&#xE02;&#xE2D;&#xE07;&#xE27;&#xE34;&#xE2B;&#xE32;&#xE23;&#xE44;&#xE17;&#xE25;&#xE37;&#xE49;&#xE2D; &#xE23;&#xE30;&#xE2B;&#xE27;&#xE48;&#xE32;&#xE07;&#xE1E;&#xE37;&#xE49;&#xE19;&#xE17;&#xE35;&#xE48;&#xE40;&#xE25;&#xE37;&#xE2D;&#xE01;&#xE2A;&#xE23;&#xE23;&#xE43;&#xE19;&#xE40;&#xE21;&#xE37;&#xE2D;&#xE07;&#xE19;&#xE48;&#xE32;&#xE19;&#xE1B;&#xE23;&#xE30;&#xE40;&#xE17;&#xE28;&#xE44;&#xE17;&#xE22;&#xE01;&#xE31;&#xE1A;&#xE1E;&#xE37;&#xE49;&#xE19;&#xE17;&#xE35;&#xE48;&#xE40;&#xE25;&#xE37;&#xE2D;&#xE01;&#xE2A;&#xE23;&#xE23;&#xE43;&#xE19;&#xE41;&#xE04;&#xE27;&#xE49;&#xE19;&#xE2A;&#xE34;&#xE1A;&#xE2A;&#xE2D;&#xE07;&#xE1B;&#xE31;&#xE19;&#xE19;&#xE32; &#xE21;&#xE13;&#xE11;&#xE25;&#xE22;&#xE39;&#xE19;&#xE19;&#xE32;&#xE19; &#xE2A;&#xE32;&#xE18;&#xE32;&#xE23;&#xE13;&#xE23;&#xE31;&#xE10;&#xE1B;&#xE23;&#xE30;&#xE0A;&#xE32;&#xE0A;&#xE19;&#xE08;&#xE35;&#xE19; /</subfield>
    <subfield code="c">&#xE28;&#xE34;&#xE23;&#xE34;&#xE42;&#xE23;&#xE14;&#xE21; &#xE40;&#xE2A;&#xE37;&#xE2D;&#xE04;&#xE25;&#xE49;&#xE32;&#xE22;, &#xE19;&#xE1E;&#xE04;&#xE38;&#xE13; &#xE15;&#xE48;&#xE2D;&#xE27;&#xE07;&#xE28;&#xE4C;.</subfield>
  </datafield>
  <datafield tag="260" ind1=" " ind2=" ">
    <subfield code="a">&#xE1E;&#xE34;&#xE29;&#xE13;&#xE38;&#xE42;&#xE25;&#xE01; : </subfield>
    <subfield code="b">&#xE21;&#xE2B;&#xE32;&#xE27;&#xE34;&#xE17;&#xE22;&#xE32;&#xE25;&#xE31;&#xE22;&#xE19;&#xE40;&#xE23;&#xE28;&#xE27;&#xE23;, </subfield>
    <subfield code="c">2556.</subfield>
  </datafield>
  <datafield tag="300" ind1=" " ind2=" ">
    <subfield code="a">83 &#xE2B;&#xE19;&#xE49;&#xE32; :</subfield>
    <subfield code="b">&#xE20;&#xE32;&#xE1E;&#xE1B;&#xE23;&#xE30;&#xE01;&#xE2D;&#xE1A; ;</subfield>
    <subfield code="c">30 &#xE0B;&#xE21;.</subfield>
  </datafield>
  <datafield tag="650" ind1=" " ind2="4">
    <subfield code="a">&#xE25;&#xE37;&#xE49;&#xE2D; </subfield>
    <subfield code="9">42914</subfield>
    <subfield code="x">&#xE1B;&#xE23;&#xE30;&#xE27;&#xE31;&#xE15;&#xE34;&#xE28;&#xE32;&#xE2A;&#xE15;&#xE23;&#xE4C; </subfield>
    <subfield code="x">&#xE27;&#xE34;&#xE08;&#xE31;&#xE22;</subfield>
  </datafield>
  <datafield tag="650" ind1=" " ind2="4">
    <subfield code="a">&#xE2A;&#xE16;&#xE32;&#xE1B;&#xE31;&#xE15;&#xE22;&#xE01;&#xE23;&#xE23;&#xE21;&#xE1E;&#xE38;&#xE17;&#xE18;&#xE28;&#xE32;&#xE2A;&#xE19;&#xE32;</subfield>
    <subfield code="9">26431</subfield>
  </datafield>
  <datafield tag="650" ind1=" " ind2="4">
    <subfield code="a">&#xE27;&#xE34;&#xE2B;&#xE32;&#xE23; </subfield>
    <subfield code="9">42915</subfield>
    <subfield code="z">&#xE44;&#xE17;&#xE22; </subfield>
    <subfield code="z">&#xE19;&#xE48;&#xE32;&#xE19; </subfield>
    <subfield code="x">&#xE27;&#xE34;&#xE08;&#xE31;&#xE22;</subfield>
  </datafield>
  <datafield tag="653" ind1=" " ind2="4">
    <subfield code="a">&#xE27;&#xE34;&#xE2B;&#xE32;&#xE23;&#xE44;&#xE17;&#xE25;&#xE37;&#xE49;&#xE2D; </subfield>
  </datafield>
  <datafield tag="700" ind1="0" ind2=" ">
    <subfield code="9">42912</subfield>
    <subfield code="a">&#xE19;&#xE1E;&#xE04;&#xE38;&#xE13; &#xE15;&#xE48;&#xE2D;&#xE27;&#xE07;&#xE28;&#xE4C;</subfield>
  </datafield>
  <datafield tag="850" ind1=" " ind2=" ">
    <subfield code="a">NALT</subfield>
  </datafield>
  <datafield tag="942" ind1=" " ind2=" ">
    <subfield code="c">RSH</subfield>
    <subfield code="2">lcc</subfield>
  </datafield>
  <datafield tag="952" ind1=" " ind2=" ">
    <subfield code="0">0</subfield>
    <subfield code="1">0</subfield>
    <subfield code="2">lcc</subfield>
    <subfield code="4">0</subfield>
    <subfield code="7">0</subfield>
    <subfield code="8">CRSH</subfield>
    <subfield code="a">NALT</subfield>
    <subfield code="b">NALT</subfield>
    <subfield code="e">&#xE1A;&#xE23;&#xE34;&#xE08;&#xE32;&#xE04;</subfield>
    <subfield code="l">0</subfield>
    <subfield code="o">&#xE27; NA 6022.N39 &#xE28;518&#xE01; 2556</subfield>
    <subfield code="p">3961192487</subfield>
    <subfield code="r">2017-06-09 00:00:00</subfield>
    <subfield code="w">2017-06-09</subfield>
    <subfield code="y">RSH</subfield>
  </datafield>
</record>
